Prominente Sportler #1 - Statistiken

Allgemein
  • Dieses Quiz wurde 249 mal gespielt
  • Das Durchschnittsergebnis liegt bei 10 aus 16
Antwortstatistiken
Bildquiz Antwort % Korrekt
Cristiano Ronaldo
96%
Boris Becker
90%
Michael Schumacher
89%
Usain Bolt
88%
Serena Williams
86%
Michael Jordan
83%
Tiger Woods
83%
Michael Phelps
78%
Tom Brady
70%
Timo Boll
62%
Birgit Prinz
57%
Simone Biles
55%
Wayne Gretzky
38%
Tyson Fury
32%
Babe Ruth
20%
Mathias Gidsel
18%
Keine übereinstimmenden Quizze gefunden
Verteilung der Resultate
Anzahl Personen mit jedem Resultat
Perzentil nach korrekt beantworteten Fragen
Ihre Resultats-Entwicklung
Sie haben dieses Quiz noch nicht gespielt